[Event "Ruhrgebiet VL2 0910"]
[Site "Germany"]
[Date "2010.01.31"]
[Round "6.2"]
[White "Zemskyi, Evgen"]
[Black "Gerst, Michael"]
[Result "0-1"]
[WhiteElo "1906"]
[BlackElo "1992"]
[PlyCount "56"]
[EventDate "2009.09.06"]
[EventType "team-tourn"]
[EventRounds "9"]
[EventCountry "GER"]
[SourceTitle "EXT 2011"]
[Source "ChessBase"]
[SourceDate "2010.11.26"]
[SourceVersion "1"]
[SourceVersionDate "2010.11.26"]
[SourceQuality "1"]
[WhiteTeam "Horst Emscher II"]
[BlackTeam "Oberhausen II"]
[WhiteTeamCountry "GER"]
[BlackTeamCountry "GER"]

1. d4 Nf6 2. Nf3 e6 3. c4 c5 4. d5 b5 5. a4 bxc4 6. Nc3 exd5 7. Nxd5 Bb7 8. Bg5 Be7 9. Nxe7 Qxe7 10. e3 d5 11. Be2 Nbd7 12. 0-0 0-0 13. b3 cxb3 14. Qxb3 Bc6 15. Qc3 h6 16. Bh4 Rfe8 17. Bd3 Qe6 18. Qc2 Ne4 19. Rac1 c4 20. Be2 Ndc5 21. a5 Nb3 22. Nd4 Nxd4 23. exd4 g5 24. Bg4 Qxg4 25. f3 Qxh4 26. g3 Nxg3 27. hxg3 Qxg3+ 28. Kh1 Bd7 0-1

[Event "Ruhrgebiet VK2 0708"]
[Site "Germany"]
[Date "2008.04.27"]
[Round "9.3"]
[White "Zemskyi, Evgen"]
[Black "Simon, Thomas"]
[Result "1/2-1/2"]
[WhiteElo "1902"]
[BlackElo "2038"]
[PlyCount "116"]
[EventDate "2007.09.16"]
[EventType "team"]
[EventRounds "9"]
[EventCountry "GER"]
[SourceTitle "EXT 2009"]
[Source "ChessBase"]
[SourceDate "2008.11.26"]
[SourceVersion "1"]
[SourceVersionDate "2008.11.26"]
[SourceQuality "1"]
[WhiteTeam "Horst Emscher II"]
[BlackTeam "Brambauer II"]
[WhiteTeamCountry "GER"]
[BlackTeamCountry "GER"]

1. d4 Nf6 2. Nf3 e6 3. c4 b6 4. Nc3 Bb7 5. Bg5 h6 6. Bh4 Bb4 7. Qc2 g5 8. Bg3 d6 9. Nd2 c5 10. a3 Bxc3 11. bxc3 Nh5 12. e3 Nxg3 13. hxg3 Nd7 14. Nf3 Qf6 15. Be2 Ke7 16. Rd1 Rac8 17. d5 e5 18. Nd2 Rc7 19. Bg4 Bc8 20. Bf5 Qg7 21. g4 Nf6 22. Bxc8 Rcxc8 23. Qf5 Qg6 24. f3 Qxf5 25. gxf5 h5 26. Kf2 Rcg8 27. g3 e4 28. Nxe4 Nxe4+ 29. fxe4 Kf6 30. Ke2 Ke5 31. Kd3 h4 32. Rdf1 f6 33. gxh4 Rxh4 34. Rxh4 gxh4 35. Rf4 Rh8 36. Rg4 b5 37. cxb5 h3 38. c4 a6 39. Rg7 Re8 40. bxa6 h2 41. Rh7 h1Q 42. Rxh1 Rb8 43. a7 Rb3+ 44. Kc2 Rxa3 45. Rh7 Kxe4 46. Kb2 Ra6 47. Rc7 Kd3 48. Kb3 Kxe3 49. Rc6 Rxa7 50. Rxd6 Kd4 51. Rd8 Rb7+ 52. Kc2 Kxc4 53. d6 Kd5 54. Kc3 Ra7 55. d7 Ra3+ 56. Kc2 Kd6 57. Rf8 Kxd7 58. Rxf6 Rf3 1/2-1/2

[Event "Ruhrgebiet VK2 0708"]
[Site "Germany"]
[Date "2008.04.06"]
[Round "8.4"]
[White "Zemskyi, Evgen"]
[Black "Delvos, Thorsten"]
[Result "1/2-1/2"]
[WhiteElo "1902"]
[BlackElo "1938"]
[PlyCount "109"]
[EventDate "2007.09.16"]
[EventType "team"]
[EventRounds "9"]
[EventCountry "GER"]
[SourceTitle "EXT 2009"]
[Source "ChessBase"]
[SourceDate "2008.11.26"]
[SourceVersion "1"]
[SourceVersionDate "2008.11.26"]
[SourceQuality "1"]
[WhiteTeam "Horst Emscher II"]
[BlackTeam "Mengede SG"]
[WhiteTeamCountry "GER"]
[BlackTeamCountry "GER"]

1. d4 f5 2. Nf3 Nf6 3. c4 g6 4. Nc3 Bg7 5. Bg5 0-0 6. e3 d6 7. Be2 c6 8. 0-0 Qe8 9. Qc2 e5 10. dxe5 dxe5 11. Rfd1 h6 12. Bxf6 Bxf6 13. Rac1 Be6 14. b4 Qf7 15. Na4 Nd7 16. c5 g5 17. Rd6 Kh8 18. Nb2 g4 19. Ne1 f4 20. exf4 exf4 21. Bc4 Bxc4 22. Nxc4 Rae8 23. Rdd1 g3 24. hxg3 fxg3 25. Nf3 gxf2+ 26. Qxf2 Qg7 27. Qd2 Ne5 28. Ncxe5 Bxe5 29. Nxe5 Rxe5 30. Re1 Ref5 31. Rf1 Rxf1+ 32. Rxf1 Rxf1+ 33. Kxf1 Qf6+ 34. Ke2 Kg7 35. Qd7+ Qf7 36. Qxf7+ Kxf7 37. Ke3 Ke7 38. Ke4 Ke6 39. a4 a6 40. a5 Kf6 41. Kf4 h5 42. g3 Kg6 43. Ke5 Kg5 44. Kd6 Kg4 45. Kc7 Kxg3 46. Kxb7 h4 47. Kxa6 h3 48. Kb7 h2 49. a6 h1Q 50. a7 Qh7+ 51. Kb8 Qg8+ 52. Kb7 Qf7+ 53. Kb8 Qe8+ 54. Kb7 Qd7+ 55. Kb8 1/2-1/2

[Event "Ruhrgebiet VK2 0708"]
[Site "Germany"]
[Date "2007.10.21"]
[Round "2.3"]
[White "Mueller, Martin"]
[Black "Zemskyi, Evgen"]
[Result "0-1"]
[WhiteElo "2102"]
[BlackElo "1902"]
[PlyCount "87"]
[EventDate "2007.09.16"]
[EventType "team"]
[EventRounds "9"]
[EventCountry "GER"]
[SourceTitle "EXT 2009"]
[Source "ChessBase"]
[SourceDate "2008.11.26"]
[SourceVersion "1"]
[SourceVersionDate "2008.11.26"]
[SourceQuality "1"]
[WhiteTeam "Laufer Wanne"]
[BlackTeam "Horst Emscher II"]
[WhiteTeamCountry "GER"]
[BlackTeamCountry "GER"]

1. e4 c5 2. c3 d5 3. exd5 Qxd5 4. d4 Nc6 5. Nf3 Nf6 6. dxc5 Qxd1+ 7. Kxd1 Bg4 8. b4 Bxf3+ 9. gxf3 0-0-0+ 10. Kc2 e6 11. Nd2 Ne5 12. Be2 Be7 13. Ne4 Nd5 14. Rd1 h6 15. f4 Ng6 16. f5 exf5 17. Nd6+ Bxd6 18. cxd6 Rxd6 19. Ba3 Re8 20. Bc4 Ngf4 21. Rd4 g5 22. Rad1 Nf6 23. Bxf7 Rxd4 24. Rxd4 Rd8 25. Rc4+ Kb8 26. Bc1 Nd3 27. f4 Ne4 28. Be6 Nxc1 29. Kxc1 b5 30. Rd4 Rxd4 31. cxd4 gxf4 32. Bxf5 Nc3 33. a3 Ne2+ 34. Kd2 Nxd4 35. Be4 Kc7 36. Kd3 Ne6 37. Bf5 Ng5 38. Bg4 Nf7 39. Kd4 Kd6 40. Ke4 Ne5 41. Be2 Nc4 42. a4 Nd2+ 43. Kxf4 bxa4 44. Bh5 0-1

[Event "Recklinghausen op 16th"]
[Site "Recklinghausen"]
[Date "2006.10.12"]
[Round "5"]
[White "Zemskyi, Evgen"]
[Black "Burike, Christian"]
[Result "1-0"]
[WhiteElo "1903"]
[BlackElo "1543"]
[PlyCount "67"]
[EventDate "2006.10.07"]
[EventType "swiss"]
[EventRounds "7"]
[EventCountry "GER"]
[SourceTitle "CBM 114 Extra"]
[Source "ChessBase"]
[SourceDate "2006.11.03"]
[SourceVersion "1"]
[SourceVersionDate "2006.11.03"]
[SourceQuality "1"]

1. d4 d5 2. Nf3 Nf6 3. c4 e6 4. Nc3 b6 5. Bg5 Bb7 6. Bxf6 Qxf6 7. e3 Bd6 8. Be2 Nd7 9. cxd5 exd5 10. 0-0 a6 11. a3 h5 12. Re1 g5 13. e4 dxe4 14. Bd3 Kf8 15. Bxe4 c6 16. Bc2 g4 17. Ne4 Qh6 18. Nh4 Bc7 19. Qd3 Bd8 20. Nf5 Qf4 21. Ned6 Bc7 22. g3 Qg5 23. Nxb7 Ra7 24. Nbd6 Bxd6 25. Nxd6 Nf6 26. Ne4 Nxe4 27. Qxe4 h4 28. Qe8+ Kg7 29. Qe5+ Qxe5 30. Rxe5 f6 31. Re6 hxg3 32. hxg3 Rd8 33. Rd1 Rad7 34. Rxc6 1-0